00604nam a22001937a 450000500170000000800410001702000180005804000210007604100080009708200160010510000320012124500960015325000180024926000330026730000100030065000440031070000260035470000300038020220608103426.0220608b ||||| |||| 00| 0 eng d a9789381784198 aIN-DiNCcIN-DiNC dasm a371.26bCHA aChaliha, Beda Kumareauthor aShaikshik parimapan aru mulyayan/cby Beda Kumar Chaliha, Tarun Saikia and Runu Bora Saikia a13th rev. ed. aJorhat:bBidya bhawan,c2021 a553p. aMeasurement and evaluation in education aSaikia, Taruneauthor aSaikia, Runu Boraeauthor